Central Library OPAC University of Rajshahi

ভারতের মুসলমান ও স্বাধীনতা আন্দোলন [১৭০৭-১৯৪৭] / (Record no. 52630)

MARC details
000 -LEADER
fixed length control field 01060nam a2200241 a 4500
001 - CONTROL NUMBER
control field 52630
003 - CONTROL NUMBER IDENTIFIER
rucl marc code BD-RjUL
005 - DATE AND TIME OF LATEST TRANSACTION
control field 20211209075833.0
008 - FIXED-LENGTH DATA ELEMENTS--GENERAL INFORMATION
fixed length control field 160924r20031993bg ||||| b||| 001 0 ben d
020 ## - INTERNATIONAL STANDARD BOOK NUMBER
International Standard Book Number 9840744046
Terms of availability : Tk. 170.00
035 ## - SYSTEM CONTROL NUMBER
System control number (BD-RjUL)52750
040 ## - CATALOGING SOURCE
Original cataloging agency BD-RjUL
Language of cataloging ben
Transcribing agency BD-RjUL
041 ## - LANGUAGE CODE
Language code of text/sound track or separate title ben
082 ## - DEWEY DECIMAL CLASSIFICATION NUMBER
Edition number 23
Classification number 954.03
Author mark and year INB 2003
100 1# - MAIN ENTRY--PERSONAL NAME
Personal name ইনাম-উল-হক, মুহাম্মদ
9 (RLIN) 134224
245 10 - TITLE STATEMENT
Title ভারতের মুসলমান ও স্বাধীনতা আন্দোলন [১৭০৭-১৯৪৭] /
Statement of responsibility, etc. মুহাম্মদ ইনাম-উল-হক
260 ## - PUBLICATION, DISTRIBUTION, ETC. (IMPRINT)
Place of publication, distribution, etc. ঢাকা :
Name of publisher, distributor, etc. বাংলা একাডেমী,
Date of publication, distribution, etc. ১৯৯৩, [পুনর্মুদ্রণ ২০০৩]
300 ## - PHYSICAL DESCRIPTION
Pagination ২৮১ পৃ. ;
Size ২০ সেমি.
504 ## - BIBLIOGRAPHY, ETC. NOTE
Bibliography, etc গ্রন্থপঞ্জী ও নির্ঘণ্ট সংযুক্ত
651 ## - SUBJECT ADDED ENTRY--GEOGRAPHIC NAME
Geographic name ভারত
Form subdivision ইতিহাস
Geographic subdivision ভারত.
9 (RLIN) 157391
Geographic name India
Form subdivision History.
Geographic subdivision India
9 (RLIN) 157392
942 ## - ADDED ENTRY ELEMENTS (KOHA)
Source of classification or shelving scheme Dewey Decimal Classification
Koha item type Books
Holdings
Lost status Source of classification or shelving scheme Damaged status Not for loan Collection code Permanent Location Current Location Shelving location Date acquired Source of acquisition Cost, normal purchase price Total Checkouts Full call number Date last seen Date checked out Copy number Koha item type
  Dewey Decimal Classification     Non-fiction Central Library, University of Rajshahi Central Library, University of Rajshahi   09/06/2011 Bangla Academy, Dhaka 170.00 2 B 954.03 INB 2003 29/02/2024 07/02/2024 C-2 Books
  Dewey Decimal Classification     Non-fiction Central Library, University of Rajshahi Central Library, University of Rajshahi   02/09/1996 Islami Bissho 120.00 1 954.03 INB 1993 02/12/2019 26/11/2019 C-3 Books